Nghiên cứu chiết tách, xác định thành phần hóa học của tinh dầu và một số dịch chiết rễ củ nghệ trắng ở Tỉnh Champasak – Lào
Xác định một số chỉ số vật lý, hóa học, thành phần hóa học, hàm lượng và cấu tạo một số chất có trong củ Nghệ trắng Lào. Xác định các thông số chiết tách của quá trình chiết có hàm lượng cao nhất.
Tallennettuna:
| Päätekijä: | |
|---|---|
| Muut tekijät: | |
| Aineistotyyppi: | Kirja |
| Kieli: | Vietnamese |
| Julkaistu: |
Đà Nẵng
Đại học Đà Nẵng
2015
|
| Aiheet: | |
| Tagit: |
Lisää tagi
Ei tageja, Lisää ensimmäinen tagi!
|
| Thư viện lưu trữ: | Mạng thư viện Đại học Đà Nẵng |
|---|
| LEADER | 01852nam a2200361 4500 | ||
|---|---|---|---|
| 001 | 000023812 | ||
| 003 | 20265 | ||
| 005 | 20160325140348.0 | ||
| 008 | 160314s2015 viesd | ||
| 041 | |a vie | ||
| 082 | 1 | 4 | |a 615.32439 |b DA-S |
| 100 | 1 | |a Daosadet Sythongbay | |
| 245 | 1 | |a Nghiên cứu chiết tách, xác định thành phần hóa học của tinh dầu và một số dịch chiết rễ củ nghệ trắng ở Tỉnh Champasak – Lào |c Daosadet Sythongbay ; Đào Hùng Cường hướng dẫn. |k Luận văn Thạc sĩ | |
| 260 | |a Đà Nẵng |b Đại học Đà Nẵng |c 2015 | ||
| 300 | |a 89 tr. ; phụ lục 5 tr. |c 29 cm. |e Tóm tắt | ||
| 500 | |a Luận văn thạc sĩ Khoa học. Chuyên ngành: Hóa hữu cơ. Mã số: 60.44.01.14 | ||
| 520 | 3 | |a Xác định một số chỉ số vật lý, hóa học, thành phần hóa học, hàm lượng và cấu tạo một số chất có trong củ Nghệ trắng Lào. Xác định các thông số chiết tách của quá trình chiết có hàm lượng cao nhất. | |
| 650 | 0 | 4 | |a Rễ củ nghệ trắng |v Luận văn tốt nghiệp |x Nghiên cứu chiết tách |x Thành phần hóa học |z Lào |
| 653 | |a Rễ củ nghệ trắng | ||
| 653 | |a Hóa hữu cơ | ||
| 653 | |a Thành phần hóa học | ||
| 653 | |a Tinh dầu | ||
| 700 | 1 | |a Đào Hùng Cường |c GS.TS. |e Hướng dẫn | |
| OWN | |a LSP | ||
| AVA | |a UDN50 |b LSP |d 615.32439 DA-S |e available |t Error 5001 Not defined in file expand_doc_bib_avail. |f 1 |g 0 |h N |i 0 |k 1 | ||
| 999 | |a From the UDN01 | ||
| AVA | |a UDN50 |b LSP |d 615.32439 DA-S |e available |t Error 5001 Not defined in file expand_doc_bib_avail. |f 1 |g 0 |h N |i 0 |k 1 | ||
| TYP | |a Monograph | ||
| TYP | |a Printed language | ||
| 980 | |a Mạng thư viện Đại học Đà Nẵng | ||